000 00971 am a2200301 a 4500
999 _c3908
_d3908
003 AKMAL
005 20170524122256.0
008 170524s1993 my | e | a00 may d
020 _a9836206019
040 _aAKMAL
082 0 4 _a899.2333 KER
_222
090 _a899.2333
_bKER
100 0 _aKeris Mas,
_d1922-1992
_97714
245 1 0 _aRimba harapan /
_cKeris Mas
250 _aEdisi pelajar
260 _aKuala Lumpur :
_bDewan Bahasa dan Pustaka,
_c1993
300 0 0 _a239ms ;
_c23cm.
500 _aBerlatar belakangkan Ketari, Bentong dan Janda Baik dalam tahun 1920an dan 1930an
650 0 _aMalay fiction
_92141
651 _aPahang
_xHistory
_97715
942 _2ddc
_cBOOK